| 000 | 01010nam a2200265 a 4500 | ||
|---|---|---|---|
| 001 | BRCA_6411 | ||
| 005 | 20190320205438.0 | ||
| 008 | 101208s1865----gw-a######---#000-0#ger-u | ||
| 041 | _ager | ||
| 044 | _agw | ||
| 050 | 4 |
_aF1211 _b.M85 3 1865 |
|
| 100 | 1 |
_aMüller, Baron I. W. von _98001 |
|
| 245 | 1 | 0 |
_aReisen in den Vereinigten Staaten, Canada und Mexico _cvon Baron I. W. von Müller. |
| 260 |
_aLeipzig _bF. A. Brockhaus _c1865 |
||
| 300 |
_a2 t. en 1 v. (v.3) _bil., láminas, 2 mapas plegables (1 a color) _c23 cm. |
||
| 500 | _aEjemplar igual a B211 (v.3). Ver también B15 (v.1 y 2) | ||
| 500 | _aCDE38 | ||
| 505 | 0 | _aContenido: t.1. Reisen in den Vereinigten Staaten, Canada und Mexico. -- t.2. Beiträge zur Geschichte, Statistik und Zoologie von Mexico | |
| 650 | 1 | 4 |
_aViajeros alemanes _97026 |
| 651 | 4 |
_aMéxico _xDescripción y viajes _9103 |
|
| 651 | 4 |
_aCanadá _xDescripción y viajes _98002 |
|
| 651 | 4 |
_aEstados Unidos _xDescripción y viajes _916032 |
|
| 902 | _aGFM | ||
| 942 |
_2lcc _cB |
||
| 999 |
_c6096 _d6096 |
||